000
00261nam a22001217a 4500
041
_a
ENG
100
_a
Kaprt
245
_a
Panlote Shetra Vikas Karykramachi Margadarshak Sute
260
_a
Delhi
_b
Kaprt
_c
1999
300
_a
38
650
_a
GAE
856
_u
GAE
999
_c
665
_d
665